Hidden Initials--Famous People 1 Quiz Stats

 Plays Quiz not verified by Sporcle

Challenge
Share
Tweet
Embed
Score 0/10 Timer 02:00
0 Plays Today
Hint Answer % Correct
*ddress in Civi* WarAbraham Lincoln
92.9%
Follo*ed *hamberlain as Prime MinisterWinston Churchill
91.7%
*ission in Calcu*taMother Teresa
68.9%
*uthor of 'Death of a Sales*an'Arthur Miller
68.3%
*nown as grunge i*onKurt Cobain
68.3%
Former all-time *ome run ch*mpionHank Aaron
63.3%
Sing*r managed by Colonel *arkerElvis Presley
62.4%
Packers Q* star originally dra*ted by FalconsBrett Favre
56.3%
'and that's the *ay it is' an*hormanWalter Cronkite
52.8%
*i*ocal inventorBenjamin Franklin
51.6%

You're not logged in!

Compare scores with friends on all Sporcle quizzes.
Join for Free
OR
Log In

You Might Also Like...

Show Comments

Extras

Top Quizzes Today


Score Distribution

Your Account Isn't Verified!

In order to create a playlist on Sporcle, you need to verify the email address you used during registration. Go to your Sporcle Settings to finish the process.

Report this User

Report this user for behavior that violates our Community Guidelines.

Details: